MARC details
| 000 -LEADER |
| fixed length control field |
02367cam a2200469Ii 4500 |
| 001 - CONTROL NUMBER |
| control field |
200441947 |
| 003 - CONTROL NUMBER IDENTIFIER |
| control field |
TR-AnTOB |
| 005 - DATE AND TIME OF LATEST TRANSACTION |
| control field |
20231023103852.0 |
| 007 - PHYSICAL DESCRIPTION FIXED FIELD--GENERAL INFORMATION |
| fixed length control field |
cr cnu---aauau |
| 008 - FIXED-LENGTH DATA ELEMENTS--GENERAL INFORMATION |
| fixed length control field |
180706s2017 enk o 000 0 eng d |
| 020 ## - INTERNATIONAL STANDARD BOOK NUMBER |
| International Standard Book Number |
9781315175690 |
| Qualifying information |
(e-book : PDF) |
|
| International Standard Book Number |
9781351707510 |
| Qualifying information |
(e-book: Mobi) |
|
| Canceled/invalid ISBN |
9781138039612 |
| Qualifying information |
(hardback) |
|
| Canceled/invalid ISBN |
9781138039674 |
| Qualifying information |
(paperback) |
| 024 7# - OTHER STANDARD IDENTIFIER |
| Standard number or code |
10.4324/9781315175690 |
| Source of number or code |
doi |
| 035 ## - SYSTEM CONTROL NUMBER |
| System control number |
(OCoLC)993949505 |
|
| System control number |
(TR-AnTOB)200441947 |
| 040 ## - CATALOGING SOURCE |
| Original cataloging agency |
DLC |
| Language of cataloging |
eng |
| Description conventions |
rda |
| Transcribing agency |
DLC |
| Modifying agency |
DLC |
| -- |
TR-AnTOB |
| 041 0# - LANGUAGE CODE |
| Language code of text/sound track or separate title |
İngilizce |
| 043 ## - GEOGRAPHIC AREA CODE |
| Geographic area code |
e-uk--- |
| 050 #4 - LIBRARY OF CONGRESS CALL NUMBER |
| Classification number |
PR51.G7 |
| Item number |
E24 2017 |
| 090 ## - LOCALLY ASSIGNED LC-TYPE CALL NUMBER (OCLC); LOCAL CALL NUMBER (RLIN) |
| Classification number (OCLC) (R) ; Classification number, CALL (RLIN) (NR) |
PR51.G7 |
| Local cutter number (OCLC) ; Book number/undivided call number, CALL (RLIN) |
E24 2017EBK |
| 100 1# - MAIN ENTRY--PERSONAL NAME |
| Personal name |
Eaglestone, Robert, |
| Dates associated with a name |
1968- |
| Relator term |
author |
| 9 (RLIN) |
131476 |
| 245 10 - TITLE STATEMENT |
| Title |
Doing English : |
| Remainder of title |
a guide for literature students / |
| Statement of responsibility, etc. |
Robert Eaglestone. |
| 250 ## - EDITION STATEMENT |
| Edition statement |
Fourth edition. |
| 264 #1 - PRODUCTION, PUBLICATION, DISTRIBUTION, MANUFACTURE, AND COPYRIGHT NOTICE |
| Place of production, publication, distribution, manufacture |
Milton Park, Abingdon, Oxon : |
| Name of producer, publisher, distributor, manufacturer |
Routledge, |
| Date of production, publication, distribution, manufacture, or copyright notice |
[2017] |
| 300 ## - PHYSICAL DESCRIPTION |
| Extent |
1 online resource (198 pages) |
| 336 ## - CONTENT TYPE |
| Content type term |
text |
| Content type code |
txt |
| Source |
rdacontent |
|
| Content type term |
still image |
| Content type code |
sti |
| Source |
rdacontent |
| 337 ## - MEDIA TYPE |
| Media type term |
computer |
| Media type code |
c |
| Source |
rdamedia |
| 338 ## - CARRIER TYPE |
| Carrier type term |
online resource |
| Carrier type code |
cr |
| Source |
rdacarrier |
| 505 0# - FORMATTED CONTENTS NOTE |
| Formatted contents note |
part Part 1 How We Read -- chapter 1 Studying English -- chapter 2 Where did English come from? -- chapter 3 Studying English today -- chapter 4 The discipline of English -- chapter 5 Critical attitudes -- part Part 2 What We Read -- chapter 6 Literature, value and the canon -- chapter 7 Castle Shakespeare -- part Part 3 Reading, writing and meaning -- chapter 8 The author is dead? How important is the author in deciding what a work -- chapter 9 Metaphors and figures of speech -- chapter 10 Narrative and closure -- chapter 11 Creative writing and critical rewriting -- part Part 4 English and you -- chapter 12 English, politics and identity -- chapter 13 Why study English?. |
| 650 #0 - SUBJECT ADDED ENTRY--TOPICAL TERM |
| Topical term or geographic name entry element |
English literature |
| General subdivision |
Study and teaching (Higher) |
| Geographic subdivision |
Great Britain |
| 9 (RLIN) |
131477 |
|
| Topical term or geographic name entry element |
English literature |
| General subdivision |
History and criticism |
| -- |
Theory, etc. |
| 9 (RLIN) |
4879 |
|
| Topical term or geographic name entry element |
English literature |
| Form subdivision |
Outlines, syllabi, etc. |
| 9 (RLIN) |
131478 |
| 655 #0 - INDEX TERM--GENRE/FORM |
| Genre/form data or focus term |
Electronic books |
| 9 (RLIN) |
2032 |
| 776 08 - ADDITIONAL PHYSICAL FORM ENTRY |
| Relationship information |
Print version: |
| International Standard Book Number |
9781138039612 |
| Record control number |
(DLC) 2017002785 |
| 856 40 - ELECTRONIC LOCATION AND ACCESS |
| Materials specified |
Taylor & Francis |
| Public note |
Online access link to the resource |
| Uniform Resource Identifier |
<a href="https://www.taylorfrancis.com/books/9781315175690">https://www.taylorfrancis.com/books/9781315175690</a> |
| 942 ## - ADDED ENTRY ELEMENTS (KOHA) |
| Source of classification or shelving scheme |
Library of Congress Classification |
| Koha item type |
E-Book |